000 00600nam a2200229Ia 4500
003 OSt
005 20220923225932.0
006 a|||||r|||| 00| 0
007 ta
008 Pun
024 _a276,018
037 _cTextual
040 _aARTS
_cARTS
_bPun
041 _2Pun
_aPun
082 _aO153,1N20,1, K5
100 _aਸਿੰਘ, ਸੰਤ ਇੰਦਰ
245 0 _aਹਿੰਦ ਦੀ ਚਾਦਰ
260 _c1965
650 _aਪੰਜਾਬੀ ਕਾਵਿ
942 _hO153,1N20,1, K5
_cTEXL
_2CC
999 _c381441
_d381441